Carregant...
The New Software Engineering
| Autor principal: | |
|---|---|
| Format: | Printed Book |
| Publicat: |
Wordsworth Publishing Company
1994
|
| LEADER | 00430nam a2200133 4500 | ||
|---|---|---|---|
| 020 | |a 0-534-17143-5 | ||
| 082 | |a 005.1 | ||
| 100 | |a Conger, Sue A | ||
| 245 | |a The New Software Engineering |c Sue A Conger |h [Text] | ||
| 260 | |b Wordsworth Publishing Company |c 1994 | ||
| 300 | |a 381p. | ||
| 942 | |c BK | ||
| 999 | |c 85106 |d 85106 | ||
| 952 | |0 0 |1 0 |4 0 |6 005_100000000000000 |7 0 |9 77447 |a SOCS |b SOCS |d 2015-06-11 |g 18.90 |l 0 |o 005.1 |p SOCS944 |r 2015-06-11 |w 2015-06-11 |y BK | ||